Lokomotiv Moscow Biggest Transfers - Statistics

General Stats
  • This quiz has been taken 10 times
  • The average score is 52 of 123
Answer Stats
% Correct
Incomings Russia LB Andrey Ivanov 10/11 Spartak Moscow
100%
Incomings Serbia RB Branislav Ivanovic 05/06 OFK Beograd
100%
Outgoings Serbia RB Branislav Ivanovic 07/08 Chelsea
100%
Incomings Poland DM Grzegorz Krychowiak 19/20 Paris Saint-Germain
100%
Incomings Poland DM Grzegorz Krychowiak 18/19 Paris Saint-Germain
100%
Outgoings Poland DM Grzegorz Krychowiak 21/22 Krasnodar
100%
Incomings Moldova CM Stanislav Ivanov 08/09 FC Moscow
100%
Outgoings Russia AM Aleksey Miranchuk 20/21 Atalanta
86%
Incomings Russia ST Roman Pavlyuchenko 11/12 Tottenham Hotspur
86%
Incomings Germany CB Benedikt Howedes 18/19 Schalke
71%
Incomings Senegal ST Dame N'Doye 12/13 Kobenhavn
71%
Outgoings Senegal ST Dame N'Doye 14/15 Hull City
71%
Incomings Ecuador ST Felipe Caicedo 11/12 Levante
71%
Outgoings Ecuador ST Felipe Caicedo 13/14 Al-Jazira
71%
Incomings Poland LB Maciej Rybus 17/18 Lyon
71%
Incomings Croatia CB Vedran Corluka 12/13 Tottenham Hotspur
71%
Incomings Cape Verde ST Ze Luis 20/21 Porto
71%
Incomings Russia ST Dmitriy Sychev 03/04 Marseille
57%
Incomings Mali ST Dramane Traore 05/06 Club Africain
57%
Incomings Bosnia CB Emir Spahic 05/06 Torpedo Moscow
57%
Incomings Russia ST Fedor Smolov 18/19 Krasnodar
57%
Incomings Scotland ST Garry O'Connor 05/06 Hibernian
57%
Outgoings Scotland ST Garry O'Connor 07/08 Birmingham City
57%
Incomings Russia GK Guilherme 07/08 Athletico Paranaense
57%
Incomings Netherlands RW Gyrano Kerk 21/22 Utrecht
57%
Incomings France DM Lassana Diarra 13/14 Anzhi Makhachkala
57%
Outgoings Russia AM Marat Izmailov 08/09 Sporting CP
57%
Incomings Montenegro CB Marko Basa 08/09 Le Mans
57%
Outgoings Montenegro CB Marko Basa 11/12 Lille
57%
Incomings Ukraine AM Oleksandr Aliev 09/10 Dynamo Kyiv
57%
Outgoings Ukraine AM Oleksandr Aliev 10/11 Dynamo Kyiv
57%
Incomings Croatia CB Tin Jedvaj 21/22 Bayer Leverkusen
57%
Incomings Russia RW Aleksandr Samedov 12/13 Dynamo Moscow
43%
Incomings Russia RW Aleksandr Samedov 05/06 Spartak Moscow
43%
Outgoings Russia RW Aleksandr Samedov 16/17 Spartak Moscow
43%
Outgoings Russia RW Aleksandr Samedov 08/09 FC Moscow
43%
Outgoings Russia DM Aleksey Smertin 00/01 Bordeaux
43%
Incomings France DM Alexis Beka Beka 21/22 Caen
43%
Outgoings France DM Alexis Beka Beka 22/23 Nice
43%
Incomings Egypt ST Amr Zaki 05/06 ENPPI
43%
Outgoings Egypt ST Amr Zaki 07/08 Zamalek
43%
Outgoings Cameroon CB Andre Bikey 07/08 Reading
43%
Incomings Congo DM Delvin N'Dinga 16/17 Monaco
43%
Outgoings Russia CM Denis Glushakov 13/14 Spartak Moscow
43%
Outgoings Russia AM Diniyar Bilyaletdinov 09/10 Everton
43%
Outgoings Russia AM Dmitriy Loskov 07/08 Saturn Ramenskoe
43%
Incomings Switzerland GK Eldin Jakupovic 05/06 Grasshoppers
43%
Incomings Guinea LW Francois Kamano 20/21 Bordeaux
43%
Incomings Czech Republic ST Jan Kuchta 21/22 Slavia Prague
43%
Outgoings Czech Republic ST Jan Kuchta 23/24 Sparta Prague
43%
Outgoings Czech Republic ST Jan Kuchta 22/23 Sparta Prague
43%
Incomings Russia ST Maksim Glushenkov 22/23 Krylya Sovetov
43%
Incomings Morocco CB Manuel da Costa 11/12 West Ham United
43%
Outgoings Morocco CB Manuel da Costa 13/14 Sivasspor
43%
Incomings Albania LB Mario Mitaj 22/23 AEK Athens
43%
Incomings Morocco AM Moubarak Boussoufa 13/14 Anzhi Makhachkala
43%
Incomings Senegal ST Oumar Niasse 14/15 Akhisar Belediyespor
43%
Outgoings Senegal ST Oumar Niasse 15/16 Everton
43%
Incomings Nigeria RW Peter Odemwingie 07/08 Lille
43%
Outgoings Nigeria RW Peter Odemwingie 10/11 West Bromwich Albion
43%
Incomings Bosnia AM Senijad Ibricic 10/11 Hajduk Split
43%
Incomings Belarus ST Vitaliy Lisakovich 20/21 Shakhter Soligorsk
43%
Outgoings Belarus ST Vitaliy Lisakovich 21/22 Rubin Kazan
43%
Incomings France ST Wilson Isidor 21/22 Monaco
43%
Outgoings France ST Wilson Isidor 23/24 Zenit
43%
Incomings Costa Rica ST Winston Parks 02/03 Udinese
43%
Outgoings Russia LM Alan Gatagov 11/12 Dynamo Moscow
29%
Incomings Russia LW Alan Kasaev 14/15 Rubin Kazan
29%
Outgoings Russia GK Aleksandr Filtsov 13/14 Krasnodar
29%
Incomings Russia CB Aleksey Bugaev 04/05 Torpedo Moscow
29%
Outgoings Russia RB Andrey Eshchenko 12/13 Anzhi Makhachkala
29%
Incomings Russia RB Arseniy Logashov 13/14 Anzhi Makhachkala
29%
Incomings Brazil AM Celsinho 06/07 Portuguesa
29%
Outgoings Brazil AM Celsinho 07/08 Sporting CP
29%
Incomings Senegal ST Djiby Fall 08/09 Odense
29%
Incomings Russia RB Dmitriy Zhivoglyadov 19/20 Ufa
29%
Incomings Nigeria ST Ezekiel Henty 15/16 Olimpija Ljubljana
29%
Incomings Brazil LB Fininho 06/07 Figueirense
29%
Incomings Brazil DM Francisco Lima 04/05 Roma
29%
Incomings Russia ST Igor Portnyagin 16/17 Rubin Kazan
29%
Incomings Russia GK Ilya Abaev 13/14 Volga Nizhniy Novgorod
29%
Incomings Italy GK Ivan Pelizzoli 06/07 Reggina
29%
Incomings Slovakia CB Jan Durica 08/09 Saturn Ramenskoe
29%
Incomings Russia DM Konstantin Maradishvili 21/22 CSKA Moscow
29%
Incomings Montenegro ST Luka Djordjevic 19/20 Zenit
29%
Incomings Brazil RW Maicon 09/10 Fluminense
29%
Incomings Russia RB Maksim Nenakhov 21/22 Akhmat Grozny
29%
Incomings Slovakia CB Marian Had 05/06 Brno
29%
Incomings Russia CB Mark Mampassi 21/22 Shakhtar Donetsk
29%
Incomings Georgia ST Mikhail Ashvetia 02/03 Spartak Vladikavkaz
29%
Incomings Brazil CB Murilo 19/20 Cruzeiro
29%
Outgoings Brazil CB Murilo 21/22 Palmeiras
29%
Incomings Armenia LB Nair Tiknizyan 21/22 CSKA Moscow
29%
Incomings Azerbaijan AM Narvik Sirkhaev 01/02 Anzhi Makhachkala
29%
Incomings Russia RB Oleg Kuzmin 08/09 FC Moscow
29%
Outgoings Russia RB Oleg Kuzmin 10/11 Rubin Kazan
29%
Incomings Brazil CB Pablo 20/21 Bordeaux
29%
Outgoings Brazil CB Pablo 21/22 Flamengo
29%
Incomings Brazil LW Pedrinho 22/23 RB Bragantino
29%
Incomings Serbia ST Petar Skuletic 14/15 Partizan Belgrade
29%
Incomings Romania CM Razvan Cocis 06/07 Sheriff Tiraspol
29%
Incomings Russia LB Renat Yanbaev 07/08 Kuban Krasnodar
29%
Incomings Brazil CB Rodolfo 06/07 Dynamo Kyiv
29%
Outgoings Belarus RB Sergey Gurenko 99/00 Roma
29%
Outgoings Russia GK Sergey Ovchinnikov 97/98 Benfica
29%
Incomings Russia LW Sergey Pinyaev 22/23 Krylya Sovetov
29%
Incomings Georgia CB Solomon Kvirkvelia 17/18 Rubin Kazan
29%
Outgoings Russia CB Taras Burlak 13/14 Rubin Kazan
29%
Outgoings Croatia CM Tomislav Dujmovic 10/11 Dynamo Moscow
29%
Outgoings Russia RB Vladislav Ignatjev 12/13 Krasnodar
29%
Incomings Russia ST Vladislav Sarveli 23/24 Sochi
29%
Incomings Brazil AM Wagner 09/10 Cruzeiro
29%
Outgoings Brazil AM Wagner 10/11 Gaziantepspor
29%
Incomings Russia CB Aleksandr Sheshukov 13/14 Rostov
14%
Incomings Brazil DM Charles 08/09 Cruzeiro
14%
Incomings Ghana LW Draman Haminu 07/08 Genclerbirligi
14%
Incomings Argentina CM Guillermo Pereyra 07/08 Mallorca
14%
Incomings Russia CB Ivan Kuzmichev 22/23 Ural
14%
Incomings Brazil CB Lucas Fasson 22/23 Athletico Paranaense
14%
Incomings Montenegro ST Marko Rakonjac 22/23 Cukaricki
14%
Incomings Russia AM Rifat Zhemaletdinov 18/19 Rubin Kazan
14%
Outgoings Russia AM Sergey Tkachev 15/16 Kuban Krasnodar
14%
Incomings Russia CB Vitaliy Lystsov 20/21 Krylya Sovetov
14%
No matching quizzes found
Score Distribution
Percent of People with Each Score
Percentile by Number Answered
Your Score History
You have not taken this quiz